The Thinker's Guide for Students and Faculty to Scientific Thinking / (Record no. 16879)
[ view plain ]
| 000 -LEADER | |
|---|---|
| fixed length control field | 00676nam a22001937a 4500 |
| 008 - FIXED-LENGTH DATA ELEMENTS--GENERAL INFORMATION | |
| fixed length control field | 120712s2008 cau|||||r|||| 00| 0 eng d |
| 082 ## - DEWEY DECIMAL CLASSIFICATION NUMBER | |
| Edition number | 22 |
| Classification number | 153.42 |
| Item number | PAU |
| 100 ## - MAIN ENTRY--PERSONAL NAME | |
| 9 (RLIN) | 30630 |
| Personal name | Paul, Richard |
| 245 ## - TITLE STATEMENT | |
| Title | The Thinker's Guide for Students and Faculty to Scientific Thinking / |
| Statement of responsibility, etc | by Richard Paul and Linda Elder. |
| 300 ## - PHYSICAL DESCRIPTION | |
| Extent | 64 p. ; |
| Other physical details | ill. : |
| Dimensions | 21 cm. |
| 500 ## - GENERAL NOTE | |
| General note | Cover title |
| 500 ## - GENERAL NOTE | |
| General note | "Based on Critical Thinking Concepts & Principles." |
| 504 ## - BIBLIOGRAPHY, ETC. NOTE | |
| Bibliography, etc | Includes bibliographical references. |
| 650 ## - SUBJECT ADDED ENTRY--TOPICAL TERM | |
| 9 (RLIN) | 21178 |
| Topical term or geographic name as entry element | Thought and thinking. |
| 653 ## - INDEX TERM--UNCONTROLLED | |
| Resource For college | |
| Arrived date list | July2012 |
| 650 ## - SUBJECT ADDED ENTRY--TOPICAL TERM | |
| 9 (RLIN) | 29348 |
| Topical term or geographic name as entry element | Science |
| General subdivision | Methodology |
| 700 ## - ADDED ENTRY--PERSONAL NAME | |
| 9 (RLIN) | 30631 |
| Personal name | Elder, Linda |
| 942 ## - ADDED ENTRY ELEMENTS (KOHA) | |
| Source of classification or shelving scheme | Dewey Decimal Classification |
| Item type | Book - Borrowing |
| Withdrawn status | Item status | Source of classification or shelving scheme | Damaged status | Not for loan | Vendor | Home library | Current library | Shelving location | Date acquired | Source of acquisition | Cost, normal purchase price | Serial Enumeration / chronology | Total Checkouts | Total Renewals | Full call number | Barcode | Date last seen | Date last borrowed | Koha item type |
|---|---|---|---|---|---|---|---|---|---|---|---|---|---|---|---|---|---|---|---|
| Dewey Decimal Classification | Baccah | Central Library | Central Library | Lower Floor | 12/07/2012 | 100.00 | 15460 | 6 | 17 | 153.42 PAU | 000026977 | 15/07/2025 | 13/10/2014 | Book - Borrowing |